| 000 | 01073nam a22002657a 4500 | ||
|---|---|---|---|
| 005 | 20210325180546.0 | ||
| 008 | s2543 th tha d | ||
| 020 | _a9748768082 | ||
| 041 | _atha | ||
| 050 | _aSB191.R5 น645ข 2543 | ||
| 100 | 0 | _aนิรมล ยุวนบุณย์, แปลและเรียบเรียง | |
| 245 | 1 | 0 | _aข้าวจีเอ็มโอ เพื่อไท หรือ เพื่อใคร? |
| 260 | 3 |
_aนนทบุรี : _bภูมิปัญญาไทย, _c2543 |
|
| 300 |
_a64 หน้า : _b ตาราง ; _c 20 ซม. |
||
| 650 | 0 | 4 | _aGMO |
| 650 | 0 | 4 | _aข้าว -- การตัดแต่งพันธุกรรม |
| 650 | 0 | 4 | _aเทคโนโลยีชีวภาพ |
| 650 | 0 | 4 | _aข้าว -- การปรับปรุงพันธุ์ |
| 650 | 0 | 4 | _aจีเอ็มโอ |
| 650 | 0 | 4 | _aพันธุวิศวกรรม |
| 850 | _aNALT | ||
| 942 | _cGB | ||
| 997 | _c000000000009605 | ||
| 998 | _aSANG-AROON ANU-KRAUGH | ||
| 999 |
_c9605 _d9605 |
||